000 005030000a22001810004500
003 MACL
005 20160316150916.0
008 160316b xxu||||| |||| 00| 0 eng d
040 _aMACL
_cMACL
041 _aHindi
082 _a891.433
100 _aवर्मा श्रीकान्‍त
_946613
245 _aघर
260 _bप्रभात प्रकाशन
_c1981
_aनई दिल्‍ली
350 _a20
650 _aStories
_946614
942 _cHIN
_k891.433
_2ddc
999 _c27336
_d27336